000 01009nam a22002171i 4500
001 181143
003 ES-MaACL
005 20250829130246.0
008 121024s1911 sp |||| | spa d
100 1 _aRíos, Fernando de los,
_d1879-1949
_997398
245 1 3 _aEl fundamento científico de la pedagogía social en Natorp /
_cpor Fernando del Río Urruti.
260 _a[Madrid :
_bJunta para Ampliación de Estudios e Investigaciones Científicas,
_c1911] (
_eMadrid :
_fImp. de Fortanet)
300 _aP. 1-49 ;
_c23 cm.
490 1 _aAnales de la Junta para Ampliación de Estudios e Investigaciones Científicas ;
_vt. 3, memoria 1
600 0 4 _aNatorp, Paul.
_984999
650 0 7 _aPedagogía social
_2embne
_915908
710 2 _aJunta para la Ampliación de Estudios e Investigaciones Científicas.
_95413
830 0 _aAnales de la Junta para Ampliación de Estudios e Investigaciones Científicas ;
_vt. 3, memoria 1
_9186710
852 _aES-MaACL
_jB-13159(1)
999 _c181143
_d181143